5HLuxD.jpg

KING HENRY VIII SENIOR AND PRIMARY SCHOOL LIBRARY OPAC

Against the machine : (Record no. 5818)

000 -LEADER
fixed length control field 01639pam a2200277 a 4500
001 - CONTROL NUMBER
control field 014663353
003 - CONTROL NUMBER IDENTIFIER
control field Uk
005 - DATE AND TIME OF LATEST TRANSACTION
control field 20251118091006.0
008 - FIXED-LENGTH DATA ELEMENTS--GENERAL INFORMATION
fixed length control field 080704s2008 enk 000 0 eng d
020 ## - INTERNATIONAL STANDARD BOOK NUMBER
International Standard Book Number 9781846686979 (pbk.)
040 ## - CATALOGING SOURCE
Original cataloging agency StDuBDS
Language of cataloging eng
Transcribing agency StDuBDS
Modifying agency Uk
-- KH8
042 ## - AUTHENTICATION CODE
Authentication code ukblcatcopy
082 04 - DEWEY DECIMAL CLASSIFICATION NUMBER
Classification number 303.4834 SIE
Edition number 22
100 1# - MAIN ENTRY--PERSONAL NAME
Personal name Siegel, Lee,
Dates associated with a name 1957-
Relator term author.
245 10 - TITLE STATEMENT
Title Against the machine :
Remainder of title being human in the age of the electronic mob /
Statement of responsibility, etc. Lee Siegel.
260 ## - PUBLICATION, DISTRIBUTION, ETC.
Place of publication, distribution, etc. London :
Name of publisher, distributor, etc. Serpent's Tail,
Date of publication, distribution, etc. 2008.
300 ## - PHYSICAL DESCRIPTION
Extent x, 182 p. ;
Dimensions 20 cm.
336 ## - CONTENT TYPE
Content type term text
Source rdacontent
337 ## - MEDIA TYPE
Media type term unmediated
Source rdamedia
338 ## - CARRIER TYPE
Carrier type term volume
Source rdacarrier
520 ## - SUMMARY, ETC.
Summary, etc. Against the Machine is a fascinating look at how the Internet is reshaping the way we think about ourselves and the world. Siegel explores how the internet affects culture and social life, particularly the psychological, emotional and social cost of high-tech solitude. Arguing that the internet's widespread anonymity eliminates boundaries and encourages otherwise polite people to be downright abusive, Siegel discusses the half-fantasy, half-realism of online personae. By experiencing virtual selves rather than other individuals, we run the risk of being reduced to avatars that other internet users manipulate for their own ends. Insightful and written with convincing evidence to support the author?s polemic, this book is a welcome addition to the debate on the personal ramifications of living in a wired world.
650 #0 - SUBJECT ADDED ENTRY--TOPICAL TERM
Topical term or geographic name entry element Internet
General subdivision Social aspects.
650 #0 - SUBJECT ADDED ENTRY--TOPICAL TERM
Topical term or geographic name entry element Computers and civilization.
690 7# - LOCAL SUBJECT ADDED ENTRY--TOPICAL TERM (OCLC, RLIN)
Topical term or geographic name as entry element Social Welfare
Source of heading or term blcoll
942 ## - ADDED ENTRY ELEMENTS (KOHA)
Source of classification or shelving scheme
Koha item type Books - Non Ficton
Holdings
Withdrawn status Lost status Source of classification or shelving scheme Damaged status Not for loan Collection code Permanent Location Current Location Shelving location Date acquired Full call number Barcode Date last seen Copy number Price effective from Koha item type
          Non-Fiction KH8 Senior School Library KH8 Senior School Library Non Fiction 2025-11-18 303.4834 SIE 3KHSL000102510 2025-11-18 Donation Book 2025-11-18 Books - Non Ficton

Powered By KH8 IT Dept